Score 0/24 Timer 05:00
9 Plays Today
Letter Nation % Correct
CChina
98.5%
UUnited States
96.8%
IIndia
94.9%
RRussia
89.7%
BBrazil
88.4%
FFrance
88.1%
JJapan
85.3%
GGermany
85.2%
AArgentina
77.1%
YYemen
75.3%
QQatar
74.5%
MMexico
74.1%
Letter Nation % Correct
OOman
68.3%
ZZambia
68.2%
NNigeria
64.4%
PPakistan
63.3%
EEthiopia
61.4%
VVietnam
59.2%
TTurkey
58.4%
SSouth Africa
57%
HHaiti
52.8%
LLaos
52.5%
KKenya
48.5%
DDemocratic Republic of the Congo
41%
Come Together.
Have Fun.
All Virtual.
We all need to come together. Play Sporcle's virtual live trivia to have fun, connect with people, and get your trivia on. Join a live hosted trivia game for your favorite pub trivia experience done virtually. If a virtual private party is more your thing, go here for details.

You're not logged in!

Compare scores with friends on all Sporcle quizzes.
OR
Log In

Sporcle TV

Today on Sporcle TV


Watch our educational content, quiz creation guides, and fun videos on Sporcle TV.

Show Comments

Extras

Top Quizzes Today


Score Distribution

Paid Content

Your Account Isn't Verified!

In order to create a playlist on Sporcle, you need to verify the email address you used during registration. Go to your Sporcle Settings to finish the process.

Report this User

Report this user for behavior that violates our Community Guidelines.

Details: